00355nam a2200109Ia 4500008004100000245011200041260004900153260000900202300001000211500000800221650001600229170224s9999 xx 000 0 und d aHow being busy can increase motivation and reduce task completion time: Correction to Wilcox et al. (2016). bJournal of Personality and Social Psychology c2016 a110:5 aMay xPsychology.